LEADER 00853naa a2200193 u 4500 001 000000096658 003 CaOOAMICUS 005 20070226130147.0 008 041102s1978 it u000 u ita u 035 $a11013524 040 $aIAR$bita 100 1 $aManselli, Raoul,$d1917-1984.$0(OLS)http://pul/name/150 245 10$aAssisi tra impero e papato /$cRaoul Manselli. 260 $aAssisi :$bTipografia Porziuncola,$c1978. 300 $aS. 337-357 ;$c23 cm 773 0 $aAssisi al tempo di san Francesco : Atti del V convegno internazionale. 773 0 $aSocietą internazionale di studi francescani.$tAssisi al tempo di S. Francesco : atti del V Convegno Internazionale (Assisi, 13-16 ottobre 1977)$w()6743 996 $6245$aAssisi tra impero e papato$9(OLS)http://pul/title/123540 996 $6260$aAssisi :$bTipografia Porziuncola$9(OLS)http://pul/publisher/48396 LEADER 01698nam a2200373 a 4500 001 000000171452 003 CaOOAMICUS 005 20190131175430.0 008 190131s2018 it u000 u ita r 020 $a978-88-9317-748-1* 032 $aLibriCat 040 $aPUL$bita 082 04$a348.45 110 1 $aItalia.$0(OLS)http://pul/name/1188 245 10$aCodice delle leggi penali speciali :$bcommentato con la giurisprudenza /$ca cura di Pietro Dubolino, Chiara Dubolino. 250 $a28. ed. 260 $aPiacenza :$bLa tribuna,$c©2018. 300 $a2775 p. ;$c24 cm. 490 1 $aI codici commentati con la giurisprudenza 500 $aTesto su due colonne. 500 $aInclude indici. 500 $aSulla cop. : con le nuove norme sugli abusi di mercato (D.L.vo 10 agosto 2018, n.107) e sulla tutela della privacy (D.L.vo 10 agosto 2018, n. 101). 650 4$aDiritto penale$zItalia.$0(OLS)http://pul/subject/10217 700 1 $aDubolino, Pietro.$0(OLS)http://pul/name/40830 700 1 $aDubolino, Chiara.$0(OLS)http://pul/name/66185 830 2$aI codici commentati con la giurisprudenza.$0(OLS)http://pul/title/135813 850 $aPUL 852 $aPUL$W1$xSL Diritto e Scienze Sociali 3$y79$m348. 45 COD 3.2.97$j195143$qDDC 21$B200046$CPULBib$Z2$F200046 $H132115 $82 941 1 $a9 996 $6020$a978-88-9317-748-1*$9(OLS)http://pul/number/165707 996 $6082$a348.45$9(OLS)http://pul/classification/373 996 $6245$aCodice delle leggi penali speciali :$bcommentato con la giurisprudenza$9(OLS)http://pul/title/191589 996 $6260$aPiacenza :$bLa tribuna$9(OLS)http://pul/publisher/62750